Billie Eilish - Statistics

General Stats
  • This quiz has been taken 1,082 times
  • The average score is 8 of 10
Answer Stats
Question Answer % Correct
how many siblings does she have? 1
98%
What was her first song ocean eyes
97%
What is billie's full name billie eilish pirate baird oconnell
94%
where does she live? california
94%
does she have any pets? how many? what are they? yes, 2 dogs
91%
when is billies birthday? December 18, 2001
90%
billie's favorite singer Justin Bieber
88%
Who is claudia? finneas' girlfriend
74%
her favorite color? green
37%
billie's favorite animal hyena
24%
No matching quizzes found
Score Distribution
Percent of People with Each Score
Percentile by Number Answered
Your Score History
You have not taken this quiz